The Hanuman factor : (Record no. 66838)

MARC details
000 -LEADER
fixed length control field 00781nam a22002057a 4500
005 - DATE AND TIME OF LATEST TRANSACTION
control field 20130314153252.0
010 ## - LCCN (DPL NO)
LC control number ENG-105325 B-489120
020 ## - INTERNATIONAL STANDARD BOOK NUMBER
International Standard Book Number 9789380707372
Terms of availability 345.00
035 ## - SYSTEM CONTROL NUMBER
System control number EN-88858 B-489120
037 ## - SOURCE OF ACQUISITION
Source of stock number/acquisition DBAD/PUB
037 ## - SOURCE OF ACQUISITION
Source of stock number/acquisition Star Pub/Ven
082 ## - DEWEY DECIMAL CLASSIFICATION NUMBER
Classification number 294.5433
100 ## - MAIN ENTRY--PERSONAL NAME
Personal name Anand Krishna
245 ## - TITLE STATEMENT
Title The Hanuman factor :
Statement of responsibility, etc by Anand Krishna
Remainder of title life lessons from the most successful spiritual CEO : the inner significance of Shree Hanuman Chalisa /
260 ## - PUBLICATION, DISTRIBUTION, ETC. (IMPRINT)
Place of publication, distribution, etc New Delhi
Name of publisher, distributor, etc Global Vision Press
Date of publication, distribution, etc 2012
270 ## - ADDRESS
Address 4855/24,Ansari Road,Daryaganj
City New Delhi
Postal code 110002
300 ## - PHYSICAL DESCRIPTION
Extent 210p.
Dimensions 22cm (Hb)
942 ## - ADDED ENTRY ELEMENTS (KOHA)
Source of classification or shelving scheme Dewey Decimal Classification
Item type English Books
Call number suffix ANA
Classification part 294.5433
Holdings
Withdrawn status Lost status Not for loan Collection code Home library Current library Date acquired Source of acquisition Cost, normal purchase price Full call number Barcode Copy number Cost, replacement price Koha item type
    Not For Loan Non-fiction D.B.Act.Division D.B.Act.Division 18/05/2012 DBAD / PUB 345.00 294.5433 ANA EN-88858 1 345.00 English Books
    Not For Loan Non-fiction D.B.Act.Division D.B.Act.Division 23/05/2025 DBAD 345.00 230.2 KRI EN_128536 1 345.00 English Books
      Non-fiction Sarojini Nagar Sarojini Nagar 14/03/2013 Star Pub/2349/27.12.12/128/7.01.2013/08.01.2012 345.00 294.5433 ANA B-489120 1 345.00 English Books

© Delhi Public Library
Hit Counter
free hit counter